Normal view
MARC view
Entry Personal Name
001 - CONTROL NUMBER
- control field: 43698
003 - CONTROL NUMBER IDENTIFIER
- control field: dpl
005 - DATE AND TIME OF LATEST TRANSACTION
- control field: 20120312105251.0
008 - FIXED-LENGTH DATA ELEMENTS
- fixed length control field: 120312|||a|||||| | ||| d
040 ## - CATALOGING SOURCE
- Original cataloging agency: dpl
- Transcribing agency: dpl
100 ## - HEADING--PERSONAL NAME
- Personal name: Driscoll, Liz
670 ## - SOURCE DATA FOUND
- Source citation: Work cat.: (dpl): Driscoll, Liz, Common mistakes at elementary..and how to avoid them /, 2008
670 ## - SOURCE DATA FOUND
- Source citation: Work cat.: (dpl): Driscoll, Liz, Common mistakes at elementary..and how to avoid them /, 2008
